| 000 | 03452cam a22005174i 4500 | ||
|---|---|---|---|
| 003 | PE-LiUPU | ||
| 005 | 20250731173108.0 | ||
| 008 | 181211s2018 miua rb 001 0 eng d | ||
| 020 | _a0825444772 | ||
| 020 | _a9780825444777 | ||
| 035 | _a(Sirsi) a251004 | ||
| 040 |
_aPE-LiUPU _bspa _cPE-LiUPU _erda |
||
| 049 | _aPRUA | ||
| 082 | 0 | 4 |
_a266 _bH48 _220 |
| 100 | 1 |
_aHesselgrave, David J., _eautor. |
|
| 245 | 1 | 0 |
_aParadigms in conflict : _b15 key questions in christian missions today / _cDavid J. Hesselgrave, Keith E. Eitel, editor. |
| 246 | 3 | _aFifteen key questions in Christian missions today | |
| 250 | _aSecond edition. | ||
| 264 | 1 |
_aGrand Rapids, MI. : _bKregel Academic, _c[2018]. |
|
| 300 |
_a378 páginas : _bilustraciones ; _c23 centímetros |
||
| 336 |
_atext _2rdacontent |
||
| 337 |
_aunmediated _2rdamedia |
||
| 338 |
_avolume _2rdacarrier |
||
| 504 | _aBibliografía al final de cada capítulo. | ||
| 504 | _aÍndice : páginas 366-378. | ||
| 505 | _aSovereignty and Free Will: an Impossible Mix or a Perfect Match? -- Update Reflection: John Mark Terry -- Restrictivism and Inclusivism: Is This Missions Trip Really Necessary? -- Update Reflection: Keith E. Eitel -- Common Ground and Enemy Territory: How Should We Approach Other Faiths? -- Update Reflection: Keith E. Eitel -- Holism and Prioritism: For Whom Is the Gospel Good News? -- Update Reflection: Christopher R. Little -- Incarnationalism and Representationalism: Who Is Our Missionary Model-Jesus or Paul? -- Update Reflection: Christopher R. Little -- Power Encounter and Truth Encounter: What Is Essential in Spiritual Warfare? -- Update Reflection: Robin Dale Hadaway -- Amateurization and Professionalization: A Call for Missionaries or a Divine Calling? -- Update Reflection: Robin Dale Hadaway -- Form and Meaning: How Does the Inspiration of Scripture "In-form" Contextualization and Make It "Meaning-full"? -- Update Reflection: Bruce Riley Ashford and D. Scott Hildreth -- Countdowns and Prophetic Alerts: If We Go in Force, Will He Come in Haste? -- Update Reflection: John Mark Terry -- The Kindgom of God and the Church of Christ: What on Earth Is God Building-Here and Now? -- Update Reflection: Bruce Riley Ashford and D. Scott Hildreth -- Theology and the Social Sciences: What Role Should They Play in Church Planting Strategy? -- Bruce Riley Ashford and D. Scott Hildreth -- Challenges of World Christianities: What Is God Doing in Our World? -- Keith E. Eitel -- Harvest Missions vs. Pioneer Missions: Discipling the Masses or to the Margins? -- Robin Dale Hadaway -- Creation: Is Creation Care Mission? -- Christopher R. Little -- Business as Mission: When is it Mission and When is it Not? -- John Mark Terry. | ||
| 526 | _aSEG42 | ||
| 526 | _aSEG41 | ||
| 526 | _aSEG40 | ||
| 526 | _aSEG39 | ||
| 526 | _aP94 | ||
| 526 | _aP87 | ||
| 526 | _aP86 | ||
| 526 | _aP85 | ||
| 526 | _aP77 | ||
| 526 | _aP76 | ||
| 526 | _aP35 | ||
| 650 | 0 | 4 |
_aMisiones _xLa teoría. |
| 700 | 1 |
_aEitel, Keith Eugene, _d1954-, _eeditor. |
|
| 910 |
_adbm _bjpc _cjpc _d201812011 |
||
| 942 |
_2ddc _cBOOK |
||
| 994 |
_aC0 _bPEPRUE |
||
| 596 | _a1 | ||
| 999 |
_a266 H48 _wDEWEY _c30458 _i79084 _d30458 _f2021-11-10 _g4 _lCCODEBUL1 _mBUL _p12.99 _q1 _r0 _sY _tBOOK _u2018-12-11 _xTEOLOGIA _PP85 _0DONACION _1FCOMPR2 _o.STAFF. Colección Teología |
||
| 980 |
_81 _gALBERTO SANCHEZ Responsable de Automatización |
||